LEADER 02494oas 2200925 a 450 001 9910145797103321 005 20260218110101.0 035 $a(DE-599)ZDB2551443-X 035 $a(OCoLC)780072331 035 $a(CONSER) 2012256022 035 $a(CKB)1000000000717122 035 $a(DE-599)2551443-X 035 $a(EXLCZ)991000000000717122 100 $a20110318b20082022 sy a 101 0 $aeng 135 $aur||||||||||| 181 $ctxt$2rdacontent 182 $cc$2rdamedia 183 $acr$2rdacarrier 200 00$aInfectious diseases 210 1$aAuckland, N.Z. :$cLibertas Academica 210 31$aThousand Oaks, CA :$cSAGE Publications 300 $aRefereed/Peer-reviewed 311 08$a1178-6337 517 3 $aIDRT journal 517 3 $aInfectious diseases, research and treatment 531 1 $aInfect. dis. 531 10$aInfect Dis (Auckl) 606 $aCommunicable diseases$xResearch$vPeriodicals 606 $aCommunicable diseases$xTreatment$vPeriodicals 606 $aCommunicable Diseases 606 $aSexually Transmitted Diseases 606 $aCommunicable diseases$xResearch$2fast$3(OCoLC)fst00869917 606 $aCommunicable diseases$xTreatment$2fast$3(OCoLC)fst00869925 606 $aMalalties infeccioses$2thub 608 $aPeriodical. 608 $aPeriodicals.$2fast 608 $aRevistes electròniques.$2thub 615 0$aCommunicable diseases$xResearch 615 0$aCommunicable diseases$xTreatment 615 12$aCommunicable Diseases. 615 22$aSexually Transmitted Diseases. 615 7$aCommunicable diseases$xResearch. 615 7$aCommunicable diseases$xTreatment. 615 7$aMalalties infeccioses. 712 02$aLibertas Academica 712 02$aSage Publications. 801 0$bAU@ 801 1$bAU@ 801 2$bRBN 801 2$bSHS 801 2$bDEBBG 801 2$bGWDNB 801 2$bOCLCQ 801 2$bSERSO 801 2$bOCLCQ 801 2$bCUS 801 2$bNLM 801 2$bOCLCF 801 2$bEUW 801 2$bOCLCQ 801 2$bNLM 801 2$bOCLCO 801 2$bNLE 801 2$bOCLCA 801 2$bBUF 801 2$bOCLCA 801 2$bDLC 801 2$bOCLCO 801 2$bUKMGB 801 2$bOCLCA 801 2$bOCLCQ 801 2$bNLM 801 2$bSFB 801 2$bOCLCL 801 2$bOCLCQ 906 $aJOURNAL 912 $a9910145797103321 996 $aInfectious Diseases$92115679 997 $aUNINA